Bytový dom

Saved in:
Bibliographic Details
Main Author: Štefková, Simona (Author)
Other Authors: Jamnický, Martin (Thesis advisor)
Format: Manuscript Book
Language:Slovak
Published: 2021
Subjects:
Online Access:http://is.stuba.sk/zp/portal_zp.pl?podrobnosti=157313
https://opac.crzp.sk/?fn=detailBiblioForm&sid=C5B0443D08DFEDB2320F0149A386
Tags: Add Tag
No Tags, Be the first to tag this record!

MARC

LEADER 00000ntm a22000003a 4500
001 stuzp85026
003 SK-STU
005 20230516080507.1
007 ta
008 150427s2015----xo-----f-mn---000-0-slo-d
040 |a STU  |b slo 
041 0 |a slo 
100 1 |a Štefková, Simona  |u 010180  |4 aut  |U SvF Stavebná fakulta  |T SvF Katedra konštrukcií pozemných stavieb  |X 87547  |U V180  |Y 18  |7 87547 
242 0 1 |a Residential house  |y eng 
245 1 0 |a Bytový dom 
260 |c 2021 
650 4 |a extenzívna vegetačná strecha  |2 slo 
650 4 |a sekcie  |2 slo 
650 4 |a podzemná garáž  |2 slo 
650 4 |a sections  |2 eng 
650 4 |a underground garage  |2 eng 
650 4 |a extensive vegetation roof  |2 eng 
700 1 |a Jamnický, Martin  |u 010180  |k Z1  |4 ths  |U SvF Stavebná fakulta  |T SvF Katedra konštrukcií pozemných stavieb  |X 4052  |U V180  |Y 18  |7 A000004052 
856 4 |u http://is.stuba.sk/zp/portal_zp.pl?podrobnosti=157313 
856 4 |u https://opac.crzp.sk/?fn=detailBiblioForm&sid=C5B0443D08DFEDB2320F0149A386